000 00319 a2200157 4500
001 186710
020 _a85-305-0136-5
040 _cMagnum
100 _aBelinky, Tatiana
240 1 0 _aBeijo, não!
_lpor
245 1 0 _aBeijo, não!
300 _a23
362 0 _a1997
697 _aLITERATURA INFANTO
942 _cBK
999 _c186710
_d186710